| 000 | 00537nam a2200169 a 4500 | ||
|---|---|---|---|
| 001 | 000025326 | ||
| 005 | 20200930023717.0 | ||
| 008 | 110214s1951 xxu r 000 0 spa d | ||
| 040 |
_aDO-SdBNP _bspa _cBNPHU |
||
| 082 |
_ann* _bnn* |
||
| 100 | 1 |
_aBroadus, Juan A. _951870 |
|
| 245 | 1 | 0 |
_aTratado sobre la predicación / _cJuan A. Broadus ; traducción de Ernesto Barocio. |
| 260 |
_aTexas : _bCasa Bautista de Publicaciones ; _bEl Lucero, _c1951. |
||
| 300 |
_a332 p. ; _c20 cm. |
||
| 700 | 1 |
_aBarocio, Ernesto, _etr. _951871 |
|
| 049 | _aBNGR | ||
| 999 |
_c24818 _d24818 |
||